[Event "BCF-chT3 1415 (4NCL)"]
[Site "England"]
[Date "2015.05.02"]
[Round "9.54"]
[White "Boswell, Michael A"]
[Black "Homer, Neil S"]
[Result "0-1"]
[WhiteElo "992"]
[BlackElo "1761"]
[PlyCount "70"]
[EventDate "2015.03.21"]
[EventType "team-swiss"]
[EventRounds "11"]
[EventCountry "ENG"]
[SourceTitle "EXT 2016"]
[Source "ChessBase"]
[SourceDate "2015.10.08"]
[SourceVersion "1"]
[SourceVersionDate "2015.10.08"]
[SourceQuality "1"]
[WhiteTeam "Cheddleton III"]
[BlackTeam "e2e4.org.uk V"]
[WhiteTeamCountry "ENG"]
[BlackTeamCountry "ENG"]

1. g3 d5 2. Bg2 c5 3. e3 Nf6 4. Ne2 Bf5 5. 0-0 e6 6. b3 Nbd7 7. d3 Bd6 8. Bb2 0-0 9. Re1 Bc7 10. Bc3 Rc8 11. a3 b5 12. Bd2 Bg6 13. Nbc3 a6 14. Qc1 Nb6 15. Nd1 Be5 16. Nb2 Re8 17. Bc3 Bxc3 18. Nxc3 c4 19. d4 cxb3 20. cxb3 Ne4 21. Nbd1 Nxc3 22. Nxc3 Re7 23. Qd2 Rec7 24. Rac1 Qf6 25. Ne2 Qe7 26. Qa5 Rxc1 27. Nxc1 Qb7 28. Nd3 Bxd3 29. Qd2 Bg6 30. Rc1 Rxc1+ 31. Qxc1 Qc8 32. Qxc8+ Nxc8 33. b4 Nb6 34. Bf1 Bc2 35. Be2 Nc4 0-1